02508nam a2200385 i 4500001000700000003000700007005001700014008004100031015001000072017005300082020001800135035002100153040002900174080002100203100004200224240003500266245008300301250003400384260003600418300002700454336002200481337003000503338002400533490001300557520106900570594004101639655002001680700004601700830004201746852012001788903004301908942001801951999001901969952013401988194886SpMaBN20250804062703.0240517s2008 sp | |||| 000 f spa  aMON08 aB 29453-2008bOficina Depósito Legal Barcelona a9788498381689 a(OCoLC)259744257 aSpMaBNbspacSpMaBNerdc a821.112.2-31"19" aLink, Charlotte, d1963-9236510eaut10aDas Echo der SchuldlEspañol10aEcos del pasado /cCharlotte Link ; traducción, Beatriz Galán Echevarría aPrimera Edición: julio 2008 aBarcelona :bSalamandra, c2008 a412 páginas ;c24 cm 2rdacontentatexto 2rdamediaasin mediación 2rdacarrieravolumen1 a[Novela] aLa familia Quentin se encuentra en su bucólica casa de Dunvegan, en la isla de Skye, disfrutando de la placidez de finales de agosto. Sin embargo, el hundimiento de una pequeña embarcación cerca de la costa trunca la armonía familiar. Los Moor, que se encontraban a bordo del Dandelion, han sobrevivido, y Virginia decide darles cobijo a pesar de los reparos de su marido. Al finalizar las vacaciones, el matrimonio alemán se queda en Dunvegan y los Quentin regresan a Norfolk. Virginia y la pequeña Kim pasan la mayor parte del tiempo solas en Frendale, la mansión familiar, mientras Frederic trabaja en Londres. A Virginia le gusta su vida recluida. Pero el falso entorno de paz que ha construido desaparece cuando Nathan Moor llama a su puerta... Virginia, una mujer melancólica que guarda secretos inconfesables, hallará en ese extraño un confidente y un hombre capaz de hacerla sentir viva. Entretanto, un pederasta anda suelto en la zona y ya se ha cobrado la vida de dos niñas. Todas corren peligro. Incluso Kim... Especialmente Kim. aTraducción de: Das Echo der Schuld 0aNovelas92343190 953301aGalán Echevarría, Beatrizetrl 0aNovela (Ediciones Salamandra)9236511 aES-MaACLcDEPOJjN-9910hDonación: José Lázaro GarcíaxEncuadernación cartoné con sobrecubierta9205824 9234219aLázaro García, Joséednr cMONOGRAFIAn0 c194886d194886 00102udc4070aATENEOMbATENEOMcDEPOJd2025-05-26eDONACIONl0oN-9910p101230169r2025-05-26 00:00:00w2025-05-26yMONOGRAFIA